F1 2025 Driver Numbers Whammie - Statistics

General Stats
  • This quiz has been taken 213 times
  • The average score is 12 of 20
Answer Stats
Team Driver Number % Correct
Red Bull Max Verstappen 1
99%
McLaren Lando Norris 4
88%
Ferrari Lewis Hamilton 44
88%
Ferrari Charles Leclerc 16
78%
McLaren Oscar Piastri 81
78%
Mercedes George Russell 63
74%
Aston Martin Fernando Alonso 14
64%
Williams Carlos Sainz 55
63%
Aston Martin Lance Stroll 18
61%
Alpine Pierre Gasly 10
59%
Mercedes Andrea Kimi Antonelli 12
55%
Racing Bulls Yuki Tsunoda 22
53%
Haas Esteban Ocon 31
53%
Williams Alexander Albon 23
51%
Red Bull Liam Lawson 30
51%
Haas Oliver Bearman 87
47%
Kick Sauber Gabriel Bortoleto 5
45%
Racing Bulls Isack Hadjar 6
45%
Alpine Jack Doohan 7
45%
Kick Sauber Nico Hülkenberg 27
44%
No matching quizzes found
Score Distribution
Percent of People with Each Score
Percentile by Number Answered
Your Score History
You have not taken this quiz